000
00312nam a2200133Ia 4500
003
OSt
005
20231209102308.0
008
170524s9999 xx 000 0 und d
020
_a
817884009x
040
_c
IIMT UNIVERSITY
100
_a
JAIN- V. K.
245
0
_a
COMPUTER NETWORKS & COMMUNICATION
942
_2
ddc
_c
02
999
_c
3894
_d
3894